Fundamentals of nursing : (Record no. 886)
[ view plain ]
| 000 -LEADER | |
|---|---|
| fixed length control field | 00592nam a22001937a 4500 |
| 008 - FIXED-LENGTH DATA ELEMENTS--GENERAL INFORMATION | |
| fixed length control field | 150521b xxu||||| |||| 00| 0 eng d |
| 020 ## - INTERNATIONAL STANDARD BOOK NUMBER | |
| International Standard Book Number | 9780781781572 |
| 020 ## - INTERNATIONAL STANDARD BOOK NUMBER | |
| International Standard Book Number | 0781781574 |
| 041 0# - LANGUAGE CODE | |
| Language code of text/sound track or separate title | eng |
| 080 ## - UNIVERSAL DECIMAL CLASSIFICATION NUMBER | |
| Universal Decimal Classification number | 61 |
| 100 ## - Rafti | |
| Rafti | Carol R. Taylor |
| 245 00 - TITLE STATEMENT | |
| Title | Fundamentals of nursing : |
| Statement of responsibility, etc | Carol R. Taylor ... [et al.]. |
| 250 ## - | |
| -- | 6th ed. |
| 260 ## - | |
| -- | Philadelphia : |
| -- | Lippincott Williams & Wilkins, |
| -- | c2008. |
| 300 ## - | |
| -- | 1741, 2, 6, 24, 46 f. : |
| -- | me il. ; |
| -- | 29 cm. + |
| 650 #0 - | |
| -- | Infermieri |
| 700 1# - | |
| -- | Taylor, Carol |
| -- | (Carol R.) |
| 942 ## - ADDED ENTRY ELEMENTS (KOHA) | |
| Source of classification or shelving scheme | |
| Item type | Books |
| Withdrawn status | Lost status | Source of classification or shelving scheme | Damaged status | Not for loan | Collection code | Permanent location | Current location | Shelving location | Date acquired | Total Checkouts | Full call number | Barcode | Date last seen | Price effective from | Koha item type |
|---|---|---|---|---|---|---|---|---|---|---|---|---|---|---|---|
| Koleksioni i përgjithshem | UBT - Lipjan | UBT - Lipjan | Koleksioni i përgjithshem | 05/21/2015 | 61 TAY | 002-027724 | 12/29/2016 | 05/21/2015 | Books | ||||||
| Koleksioni i përgjithshem | UBT - Lipjan | UBT - Lipjan | Koleksioni i përgjithshem | 05/20/2016 | 618.2 TAY | 002-035597 | 05/20/2016 | 05/20/2016 | Books | ||||||
| Koleksioni i përgjithshem | UBT - Lipjan | UBT - Lipjan | Koleksioni i përgjithshem | 12/29/2016 | 618.2 | 002-035799 | 12/29/2016 | 12/29/2016 | Books | ||||||
| Koleksioni i përgjithshem | UBT - Lipjan | UBT - Lipjan | Koleksioni i përgjithshem | 12/29/2016 | 618.2 TAY | 002-035995 | 12/29/2016 | 12/29/2016 | Books | ||||||
| Koleksioni i përgjithshem | UBT - Lipjan | UBT - Lipjan | Koleksioni i përgjithshem | 12/29/2016 | 618.2 TAY | 002-035996 | 12/29/2016 | 12/29/2016 | Books | ||||||
| Koleksioni i përgjithshem | UBT - Lipjan | UBT - Lipjan | Koleksioni i përgjithshem | 12/29/2016 | 618.2 TAY | 002-036002 | 01/04/2017 | 12/29/2016 | Books | ||||||
| Koleksioni i përgjithshem | UBT - Lipjan | UBT - Lipjan | Koleksioni i përgjithshem | 01/04/2017 | 618.2 TAY | 002-036008 | 01/04/2017 | 01/04/2017 | Books | ||||||
| Koleksioni i përgjithshem | UBT - Lipjan | UBT - Lipjan | Koleksioni i përgjithshem | 01/04/2017 | 618.2 TAY | 002-036005 | 01/04/2017 | 01/04/2017 | Books | ||||||
| Koleksioni i përgjithshem | UBT - Lipjan | UBT - Lipjan | Koleksioni i përgjithshem | 01/04/2017 | 618.2 TAY | 002-036011 | 01/04/2017 | 01/04/2017 | Books | ||||||
| Koleksioni i përgjithshem | UBT - Lipjan | UBT - Lipjan | Koleksioni i përgjithshem | 02/22/2018 | 6100 TAY | 002-2999756 | 02/22/2018 | 02/22/2018 | Books |